Shogi pieces - Statistics

General Stats
  • This quiz has been taken 20 times
  • The average score is 6 of 8
Answer Stats
Picture Answer % Correct
king
100%
knight
94%
pawn
81%
lance
75%
bishop
56%
silver general
56%
golden general
50%
rook
50%
No matching quizzes found
Score Distribution
Percent of People with Each Score
Percentile by Number Answered
Your Score History
You have not taken this quiz